000 00406nam a22001697a 4500
003 MPLRDC
005 20220104143224.0
008 210129b ||||| |||| 00| 0 eng d
082 _a802.29 YW
100 _a伊文编著
245 _a怎样教孩子写字
_c
250 _a初版
260 _a
_b香港宏业书局
_c1968
300 _b
650 _a中国文字--字体
942 _cBK
_o802.29 YW
999 _c37794
_d37784